Podnikatelia sa pripravujú na čerpanie fondov z EÚ

Finančná pomoc na Slovensko z predvstupných fondov. Prehľad celkových predpokladaných príjmov do štátneho rozpočtu SR. Predpokladaný harmonogram aktivít. Informácia o mieste prvého kontaktu.

Guardado en:
Detalles Bibliográficos
Formato: Capítulo de libro
Lenguaje:eslovaco
Materias:
Etiquetas: Agregar Etiqueta
Sin Etiquetas, Sea el primero en etiquetar este registro!

MARC

LEADER 00000naa$a2200000$$$4500
001 0002620
005 20230925123549.2
041 0 |a slo 
044 |a SK 
245 1 0 |a Podnikatelia sa pripravujú na čerpanie fondov z EÚ 
520 |a Finančná pomoc na Slovensko z predvstupných fondov. Prehľad celkových predpokladaných príjmov do štátneho rozpočtu SR. Predpokladaný harmonogram aktivít. Informácia o mieste prvého kontaktu. 
610 2 0 |a Európska únia 
610 2 0 |a fondy štruktúrne 
610 2 0 |a podpora podnikania 
610 2 0 |a programy rozvojové 
610 2 0 |a podnikatelia 
610 2 0 |a projekty